00583 2200193 4500245008400000020002200084250001100106100001700117700001700134700003500151700002900186650001900215005001900234260008200253041001400335084000800349300002300357336000900380 aSeni Ada di Mana-Manab : di Sini, di Sana, dan di MakanancAparna KapurhText a978-623-472-555-1 aCet. 1 aAparna Kapur aAdrija Ghosh aNi Putu Apsari Arumdani Sudewa aYolanda Putri Novytasari aSeni ; Makanan a20240930132458 aJakarta TimurbKementerian Pendidikan, Kebudayaan, Riset, dan Teknologic2022 aIndonesia a702 a20 hlm. :c22,9 cm atext